| 000 | 00750nam a2200253 a 4500 | ||
|---|---|---|---|
| 001 | 14315 | ||
| 003 | BD-RjUL | ||
| 005 | 20211208235616.0 | ||
| 008 | 140205s1963 njua 001 0 eng | ||
| 035 | _a(BD-RjUL)14367 | ||
| 040 |
_aDLC _cTEU _dBD-RjUL _beng |
||
| 041 | _aeng | ||
| 082 | 0 | 4 |
_a621.381528 _223 _bLET |
| 100 | 1 |
_aLe Croissette, Dennis. _944689 |
|
| 245 | 1 | 0 | _aTransistors / |
| 260 |
_aEnglewood Cliffs, N.J. : _bPrentice-Hall, _c1963. |
||
| 300 |
_a280 p. : _bill. ; _c24 cm. |
||
| 490 | 1 | _aPrentice-Hall electrical engineering series | |
| 504 | _aIncludes bibliography and index. | ||
| 650 | 0 |
_aTransistors. _944690 |
|
| 830 | 0 |
_aPrentice-Hall electrical engineering series _9217363 |
|
| 942 |
_2ddc _cBK |
||
| 999 |
_c14315 _d14315 |
||